| 000 | 01062nam a2200193 a 4500 | ||
|---|---|---|---|
| 001 | 45331 | ||
| 005 | 20180714024506.0 | ||
| 008 | 140415s1994 mx 000 0 spa d | ||
| 020 | _a9684064381 | ||
| 041 | _aspa | ||
| 082 |
_a322.427275 _bROM |
||
| 100 | 1 | _aROMERO JACOBO, CÉSAR | |
| 245 | 1 | 0 |
_aMARCOS : _b¿UN PROFESIONAL DE LA ESPERANZA? |
| 250 | _a1a ed. | ||
| 260 |
_aMEXICO : _bPLANETA MEXICANA, _c1994 |
||
| 300 |
_a968 _c21 x 12.9 x 1.1 |
||
| 520 | _aESTE LIBRO- DOCUMENTADO CON RIGOR Y PROFESIONALISMO. , ADEMÁS DE REVISAR EN DETALLE LA HISTORIA DE ESTE CONTROVERTIDO GUERRILLERO QUE CON LA MAGIA DE LO ESCONDIDO, LA FASCINACIÓN POR LA VIOLENCIA Y EL PODER DE LA PALABRA, HA TENIDO A TODO MÉXICO EN VILO POR LOS GRANDES CAMBIOS DE FIN DE SIGLO, ENJUICIA EL PAPEL DE MANUEL CAMACHO COMO COMISIONADO PARA LA PAZ Y LA RECONSTRUCCIÓN Y SU INCIERTO FUTURO POLÍTICO. HOY CUANDO PARECIERA QUE NOS DEBATIMOS ENTRE DOS VIOLENCIAS : UNA EMANCIPAD | ||
| 650 | 1 | 4 |
_aCIENCIAS POLITICAS _xCHIAPAS _xCIENCIAS POLITICAS _xMEXICO _xGRUPOS DE PRESION |
| 999 |
_c45331 _d45331 |
||